Writing reaserch proposals in education

Bibliographic Details
Main Author: Samsiah Abdul Hamid (Author)
Format: Book
Published: Kuala Nerus, Terengganu : UMT 2018
Subjects:

MARC

LEADER 00000cam a2200000 7i4500
001 0000093619
005 20240115114425.0
008
020 |a 395021 (  |q (paperback)) 
040 |e rda 
041 |a English 
090 0 0 |a 808.02   |b SAM 
100 1 |a Samsiah Abdul Hamid ,   |e (author) 
245 1 0 |a Writing reaserch proposals in education   |c Samsiah Abdul Hamid 
264 1 |a Kuala Nerus, Terengganu :   |b UMT   |c 2018 
300 |a 197 pages :   |b color illustrations ;   |c 25 cm. 
336 |a text  |2 rdacontent 
337 |a unmediated  |2 rdamedia 
338 |a volume  |2 rdacarrier 
541 |c Donation from UMT 
650 0 |a Academic writing 
650 0 |a Proposal writing in research 
650 0 |a Research 
730 0 |a Title 
999 |a 0001749169   |b Book   |c Adult Collection   |e Perbadanan Perpustakaan Awam Johor